Personnage des aventures de Tintin : Jean-Loup de la Batellerie - Statistiques

Statistiques générales
  • Ce quiz a été pris 48 fois
  • Le résultat moyen est 11 sur 18
Statistiques - réponses
Questions Réponses % Correct
Personnages dont Jean-Loup de la Batellerie annonça abusivement le mariage. Bianca Castafiore
97%
Personnage qui sur un malentendu renseigna le journaliste sur le mariage évoqué à la question précédente, lui qui pensait qu'ils se renseignaient de sa nouvelle variété de roses. Le Professeur Tryphon Tournesol
94%
Albums dans lesquels apparaît Jean-Loup de la Batellerie. Les Bijoux de la Castafiore
90%
Boisson alcoolisée que Jean-Loup de la Batellerie et ses confrères savourèrent à Moulinsart au contraire de l'hôte du château qui soudainement le trouvait infect. Du whisky
81%
Périodique fictif pour lequel travaille Jean-Loup de la Batellerie. Paris-Flash
81%
Périodique hebdomadaire réel pour lequel travaillait Philippe de Baleine dont Hergé a voulu se moquer avec le personnage de Jean-Loup de la Batellerie. Hergé trouvait ridicule le titre de son article "Le Belge qui fait peur à Walt Disney" dans le numéro du 20 septembre 1958 d'autant que le contenu était truffé d'erreurs. Paris Match
81%
Personnages dont Jean-Loup de la Batellerie annonça abusivement le mariage. Le Capitaine Archibald Haddock
74%
Dictateur sud-américain de type communiste qui lança des accusations de complot contre les résidents du Château de Moulinsart. Jean-Loup de la Batellerie voulut être le premier sur l'affaire. Le Général Tapioca
74%
Albums dans lesquels apparaît Jean-Loup de la Batellerie. Tintin et les Picaros
71%
Photographe qui travaille avec Jean-Loup de la Batellerie. Son nom est tiré d'un plat italien à base de riz avec une graphie légèrement différente. Le personnage est lui-même inspiré de Willy Riizzo, le paparazzi bien connu des années 1945 à 1970 qui a photographié Marilyn Monroe, Maria Callas et Gregory Peck entre autres. Walter Rizotto
65%
Fleur de la famille des liliacées, symbole de la Hollande. Jean-Loup de la Batellerie prétendit que la ville flamande susmentionné (réponse #11) était connue dans le monde entier pour cette fleur, ce qui est plus qu'abusif. La tulipe
61%
Ville flamande connue pour sa Cathédrale Saint Bavon qui renferme l'Agneau mystique des frères Van Eyck et où selon Jean-Loup de la Batellerie, les mariés se seraient connus. Le journaliste orthographie d'ailleurs bien mal le nom de cette ville dans son article. Gand
55%
Grand plateau boisé qui couvrent une partie de la Wallonie, le Luxembourg, une partie du nord de la France et de l'ouest de l'Allemagne. Dans son article, Jean-Loup de la Batellerie situe bien à tort la ville précédente dans cette région. Les Ardennes
55%
Album antérieur aux précédents dans lequel le personnage de Jean-Loup de la Batellerie a été ajouté lors d'une réédition. L'Île noire
42%
Exposition botanique organisée tous les quatre ans au printemps dans la ville précédente (réponse #10) et ce depuis 1648 par la confrérie de Sainte Dorothée. L'informateur involontaire de Jean-Loup de la Batellerie lui a confié qu'il s'y était rendu en visite deux ans auparavant. Le journaliste a compris qu'il s'agissait du lieu de la rencontre des "futurs mariés". Les Floralies gantoises
39%
Journaliste, romancier et parolier français, membre de l'Académie française. Il a inspiré à Hergé le nom de Jean-Loup de la Batellerie. Jean-Loup Dabadie
32%
Journaliste, directeur de la rédaction de Paris Soir et directeur général de France-Soir, qui avait l'habitude d'appeler ses collègues par le sobriquet de "Coco", comme Jean-Loup de la Batellerie. Pierre Lazareff
19%
Acteur spécialiste de doublage, voix française d'Anthony Hopkins et de Jack Nicholson qui prêta sa voix au personnage de Jean-Loup de La Batellerie dans la série de dessins animés, "Les Aventures de Tintin" (1991). Il était également acteur dans la série "Les dossiers de l'Agence O" (1968) avec Pierre Tornade, entre autres. Jean-Pierre Moulin
16%
Aucun quiz correspondant
Distribution des résultats
% des personnes avec chaque résultat
Percentile par nombre de réponses
Votre historique - résultats
Vous n’avez pas pris ce quiz